[Event "Hradec Kralove Region-chT 2223"]
[Site "Czech Republic"]
[Date "2023.01.29"]
[Round "7.8"]
[White "Pacourek, Daniel"]
[Black "Batka, Josef"]
[Result "1/2-1/2"]
[WhiteElo "1530"]
[BlackElo "1581"]
[PlyCount "82"]
[EventDate "2022.10.09"]
[EventType "team-tourn"]
[EventRounds "11"]
[EventCountry "CZE"]
[SourceTitle "EXT 2024"]
[Source "ChessBase"]
[SourceDate "2023.10.10"]
[SourceVersion "1"]
[SourceVersionDate "2023.10.10"]
[SourceQuality "1"]

1. e4 c5 2. Nc3 Nc6 3. g3 e6 4. Bg2 d6 5. Nge2 Nf6 6. 0-0 Be7 7. d3 0-0 8. Bd2 Bd7 9. Nf4 Rb8 10. a4 a6 11. Re1 Ne5 12. Nce2 Bc6 13. f3 d5 14. b3 dxe4 15. dxe4 Qc7 16. Bc3 Rfd8 17. Qc1 Rd7 18. Qb2 Ng6 19. Rad1 Rbd8 20. Rd3 Nxf4 21. Nxf4 b5 22. axb5 Bxb5 23. Rxd7 Rxd7 24. Bf1 Qd8 25. Bxb5 axb5 26. Qa1 b4 27. Be5 Rd2 28. Qc1 Rd7 29. Nd3 Ne8 30. Re2 f6 31. Bf4 Qb6 32. Be3 Qb5 33. Rd2 c4 34. Nf4 Rxd2 35. Qxd2 Kf7 36. bxc4 Qxc4 37. Qd3 Nd6 38. Bd2 Qc5+ 39. Kg2 Nc4 40. Be1 Ne3+ 41. Kh1 Nxc2 1/2-1/2

[Event "CZE-Cup11 fin corr"]
[Site "Czechia"]
[Date "2004.06.15"]
[Round "12"]
[White "Pospisil, Ludvik"]
[Black "Batka, Josef"]
[Result "1-0"]
[WhiteElo "2390"]
[BlackElo "2115"]
[PlyCount "85"]
[EventDate "2004.??.??"]
[EventType "tourn (corr)"]
[EventRounds "15"]
[EventCountry "CZE"]
[SourceTitle "Corr 2006"]
[Source "ChessBase"]
[SourceDate "2006.04.01"]
[SourceVersion "3"]
[SourceVersionDate "2006.04.01"]
[SourceQuality "1"]

1. e4 c5 2. Nf3 Nc6 3. Bb5 e6 4. Bxc6 bxc6 5. b3 d5 6. e5 Ba6 7. d3 Ne7 8. c4 Nf5 9. 0-0 Be7 10. Nc3 Qc7 11. Ba3 Rd8 12. Qe1 Nd4 13. Nxd4 cxd4 14. Bxe7 Qxe7 15. Na4 Qc7 16. Nc5 Qb6 17. Nxa6 Qxa6 18. Qb4 Qb6 19. Qa3 Qc7 20. f4 c5 21. Rac1 0-0 22. cxd5 Rxd5 23. b4 f6 24. exf6 Rxf6 25. bxc5 Rxf4 26. Qa6 Rxf1+ 27. Rxf1 Qd7 28. Rc1 h6 29. c6 Qc7 30. Qc4 a5 31. Re1 Kf7 32. g3 Rd6 33. Rf1+ Kg8 34. Rc1 Rd5 35. Kg2 g5 36. Qa6 Rf5 37. Rc2 Kg7 38. Qb7 Qxb7 39. cxb7 Rb5 40. Rc7+ Kf6 41. Kf3 a4 42. Ke4 e5 43. g4 1-0

[Event "CZE-Cup11 fin corr"]
[Site "Czechia"]
[Date "2004.06.10"]
[Round "7"]
[White "Chvojka, Jaroslav"]
[Black "Batka, Josef"]
[Result "0-1"]
[WhiteElo "2125"]
[BlackElo "2115"]
[PlyCount "106"]
[EventDate "2004.??.??"]
[EventType "tourn (corr)"]
[EventRounds "15"]
[EventCountry "CZE"]
[SourceTitle "Corr 2006"]
[Source "ChessBase"]
[SourceDate "2006.04.01"]
[SourceVersion "3"]
[SourceVersionDate "2006.04.01"]
[SourceQuality "1"]

1. d4 Nf6 2. Bg5 c5 3. dxc5 e6 4. e3 Bxc5 5. Bd3 h6 6. Bh4 d5 7. Nf3 Nc6 8. 0-0 0-0 9. c4 dxc4 10. Bxc4 g5 11. Bg3 Ne4 12. Qc2 Nxg3 13. hxg3 Qe7 14. Nc3 b6 15. Ne4 Bb7 16. Rad1 Rfd8 17. a3 g4 18. Nh4 Ne5 19. Be2 Rdc8 20. Nxc5 Rxc5 21. Qa4 Bc6 22. Qf4 Qg5 23. b4 Rc2 24. Rfe1 Rc8 25. b5 Ba8 26. Qa4 R8c7 27. Qf4 Kg7 28. Qd4 Qf6 29. Rd2 Bd5 30. Rxc2 Rxc2 31. Qa4 Ra2 32. Qd4 Rxa3 33. Bxg4 Nd3 34. Qxf6+ Kxf6 35. Rb1 Rb3 36. Ra1 Rxb5 37. Be2 Rb3 38. Bxd3 Rxd3 39. Rxa7 b5 40. Ra6 Rd1+ 41. Kh2 Rd2 42. f3 b4 43. Rb6 b3 44. e4 Bc4 45. f4 b2 46. Nf3 Re2 47. g4 Ba2 48. e5+ Kg7 49. Nd4 Rf2 50. Kg3 Rd2 51. Nf3 Rc2 52. Nd4 b1Q 53. Rxb1 Rc3+ 0-1

[Event "CZE-Cup11 fin corr"]
[Site "Czechia"]
[Date "2004.06.08"]
[Round "5"]
[White "Cervenka, Jan"]
[Black "Batka, Josef"]
[Result "0-1"]
[WhiteElo "2155"]
[BlackElo "2115"]
[PlyCount "68"]
[EventDate "2004.??.??"]
[EventType "tourn (corr)"]
[EventRounds "15"]
[EventCountry "CZE"]
[SourceTitle "Corr 2006"]
[Source "ChessBase"]
[SourceDate "2006.04.01"]
[SourceVersion "3"]
[SourceVersionDate "2006.04.01"]
[SourceQuality "1"]

1. e4 c5 2. Nf3 Nc6 3. d4 cxd4 4. Nxd4 e5 5. Nb5 d6 6. g3 Be7 7. Bg2 Nf6 8. 0-0 Bg4 9. Qd3 a6 10. N5c3 Nb4 11. Qd2 Rc8 12. a3 Nc6 13. Qd3 Nd4 14. Be3 Qb6 15. f3 Be6 16. b3 d5 17. exd5 Nxd5 18. Nxd5 Bxd5 19. Nc3 Bc6 20. Rfe1 Rd8 21. Bf2 Qc7 22. Bxd4 Rxd4 23. Qe3 0-0 24. b4 Rfd8 25. Bf1 Bf6 26. Rab1 e4 27. fxe4 Rxe4 28. Nxe4 Bd4 29. Nf2 Bxe3 30. Rxe3 Re8 31. Rxe8+ Bxe8 32. Re1 Kf8 33. c4 Qd6 34. Bg2 Qd4 0-1

[Event "CZE-ch12 sf05 corr"]
[Site "Czechia"]
[Date "2003.??.??"]
[Round "?"]
[White "Batka, Josef"]
[Black "Svrsek, Radomir Sr"]
[Result "1/2-1/2"]
[WhiteElo "2243"]
[BlackElo "2237"]
[PlyCount "75"]
[EventDate "2003.??.??"]
[EventType "tourn (corr)"]
[EventRounds "14"]
[EventCountry "CZE"]
[SourceTitle "Corr 2006"]
[Source "ChessBase"]
[SourceDate "2006.04.01"]
[SourceVersion "3"]
[SourceVersionDate "2006.04.01"]
[SourceQuality "1"]

1. e4 c6 2. c4 d5 3. exd5 Nf6 4. Nc3 cxd5 5. d4 Nc6 6. Bg5 dxc4 7. Bxc4 Qxd4 8. Qxd4 Nxd4 9. 0-0-0 e5 10. f4 Bg4 11. Nf3 Bxf3 12. gxf3 Rc8 13. fxe5 Rxc4 14. exf6 Ne6 15. Rhe1 g6 16. Kb1 a6 17. Ne4 h5 18. a3 h4 19. Be3 Rh5 20. Ng5 Rc6 21. f4 Bh6 22. h3 Bxg5 23. fxg5 Rc7 24. Rd5 Rd7 25. Re5 Rd3 26. Kc2 Rd6 27. a4 Kd7 28. b4 Rh8 29. Bc5 Rc8 30. a5 Rd4 31. Kc3 Rf4 32. Rd5+ Ke8 33. Re3 Rd8 34. Bd6 Rf1 35. Kc2 Rf2+ 36. Kb3 Rd7 37. Rdd3 Rg2 38. Rd5 1/2-1/2

[Event "CZE-ch12 sf05 corr"]
[Site "Czechia"]
[Date "2003.??.??"]
[Round "?"]
[White "Portych, Vaclav"]
[Black "Batka, Josef"]
[Result "1/2-1/2"]
[WhiteElo "2148"]
[BlackElo "2243"]
[PlyCount "69"]
[EventDate "2003.??.??"]
[EventType "tourn (corr)"]
[EventRounds "14"]
[EventCountry "CZE"]
[SourceTitle "Corr 2006"]
[Source "ChessBase"]
[SourceDate "2006.04.01"]
[SourceVersion "3"]
[SourceVersionDate "2006.04.01"]
[SourceQuality "1"]

1. c4 Nf6 2. Nc3 e6 3. Nf3 Bb4 4. g3 0-0 5. Bg2 d5 6. cxd5 exd5 7. d4 c6 8. 0-0 Nbd7 9. a3 Bd6 10. b4 a6 11. Ne1 Re8 12. Nd3 Nb6 13. Re1 Nc4 14. Nb2 Nxb2 15. Bxb2 Bf5 16. Qd2 Qd7 17. f3 Rad8 18. e4 dxe4 19. fxe4 Bg6 20. Rad1 Bb8 21. Kh1 Bh5 22. Ra1 Qxd4 23. Qxd4 Rxd4 24. Nd5 Rd3 25. Nxf6+ gxf6 26. Bxf6 Be5 27. Bxe5 Rxe5 28. Kg1 Kg7 29. Ra2 Bg6 30. Kf2 f6 31. Re3 Rd4 32. Rae2 h6 33. g4 b6 34. Kg3 c5 35. bxc5 1/2-1/2

[Event "CZE-ch12 sf05 corr"]
[Site "Czechia"]
[Date "2003.??.??"]
[Round "?"]
[White "Pytlik, Leszek"]
[Black "Batka, Josef"]
[Result "1/2-1/2"]
[WhiteElo "2316"]
[BlackElo "2243"]
[PlyCount "73"]
[EventDate "2003.??.??"]
[EventType "tourn (corr)"]
[EventRounds "14"]
[EventCountry "CZE"]
[SourceTitle "Corr 2006"]
[Source "ChessBase"]
[SourceDate "2006.04.01"]
[SourceVersion "3"]
[SourceVersionDate "2006.04.01"]
[SourceQuality "1"]

1. Nf3 Nf6 2. g3 g6 3. Bg2 Bg7 4. 0-0 0-0 5. d3 d5 6. Nc3 Nc6 7. e4 dxe4 8. dxe4 Bg4 9. h3 Be6 10. Qe2 Qc8 11. Kh2 Rd8 12. Be3 Ne8 13. Rfd1 Nd6 14. Nd4 Nxd4 15. Bxd4 Bc4 16. Qe3 e5 17. Bc5 b6 18. Bxd6 Rxd6 19. Rxd6 cxd6 20. Rd1 Qc7 21. a3 Rd8 22. Rd2 Be6 23. h4 h5 24. Bh3 Kh7 25. Bxe6 fxe6 26. Qd3 Bh6 27. Rd1 Bf8 28. Kg2 Be7 29. Qa6 Kg7 30. Rd3 Rd7 31. Rd2 Qc6 32. Qe2 Rd8 33. Kg1 Rc8 34. Qa6 Rc7 35. Qf1 Rc8 36. a4 Qc4 37. Qxc4 1/2-1/2

[Event "CZE-ch12 sf05 corr"]
[Site "Czechia"]
[Date "2003.??.??"]
[Round "?"]
[White "Valak, Alois"]
[Black "Batka, Josef"]
[Result "1/2-1/2"]
[WhiteElo "2257"]
[BlackElo "2243"]
[PlyCount "107"]
[EventDate "2003.??.??"]
[EventType "tourn (corr)"]
[EventRounds "14"]
[EventCountry "CZE"]
[SourceTitle "Corr 2006"]
[Source "ChessBase"]
[SourceDate "2006.04.01"]
[SourceVersion "3"]
[SourceVersionDate "2006.04.01"]
[SourceQuality "1"]

1. e4 c5 2. Nf3 Nc6 3. Nc3 Nf6 4. Be2 d5 5. Nxd5 Nxd5 6. exd5 Qxd5 7. 0-0 g6 8. d3 Bg7 9. Re1 0-0 10. Ng5 Nd4 11. Bf3 Nxf3+ 12. Qxf3 Qxf3 13. Nxf3 Re8 14. a4 Be6 15. Ne5 Bd5 16. b3 f6 17. Nc4 b6 18. Bb2 Rad8 19. f4 Kf7 20. g4 h6 21. Rf1 e6 22. h3 g5 23. Ne3 Bb7 24. Rae1 Rf8 25. Kh2 Bc8 26. Bc3 f5 27. Bd2 gxf4 28. Nc4 e5 29. Nxe5+ Bxe5 30. Rxe5 fxg4 31. Rxf4+ Kg6 32. h4 Rfe8 33. h5+ Kg7 34. Bc3 Kg8 35. Kg3 Rxe5 36. Bxe5 Rd5 37. Re4 Kf7 38. Re2 a6 39. Kh4 Be6 40. Bf4 Rf5 41. Bxh6 g3 42. Rg2 Rf2 43. Rxg3 Rh2+ 44. Kg5 Rxc2 45. Rf3+ Kg8 46. Rf8+ Kh7 47. Rb8 Rg2+ 48. Kf6 Bxb3 49. Be3 Bxa4 50. Rb7+ Kh8 51. Rxb6 Bb5 52. Bxc5 Bxd3 53. Rb7 Rg3 54. Bd4 1/2-1/2

[Event "CZE-ch12 sf05 corr"]
[Site "Czechia"]
[Date "2003.??.??"]
[Round "?"]
[White "Vozda, Jindrich"]
[Black "Batka, Josef"]
[Result "1/2-1/2"]
[WhiteElo "2494"]
[BlackElo "2243"]
[PlyCount "112"]
[EventDate "2003.??.??"]
[EventType "tourn (corr)"]
[EventRounds "14"]
[EventCountry "CZE"]
[SourceTitle "Corr 2006"]
[Source "ChessBase"]
[SourceDate "2006.04.01"]
[SourceVersion "3"]
[SourceVersionDate "2006.04.01"]
[SourceQuality "1"]

1. e4 c5 2. Nf3 Nc6 3. Bb5 a6 4. Ba4 b5 5. d4 bxa4 6. d5 Na5 7. 0-0 d6 8. c4 Bd7 9. Qc2 g6 10. e5 dxe5 11. Nxe5 Bg7 12. Re1 Nf6 13. Bd2 Nb7 14. Nc3 a3 15. b3 0-0 16. Rad1 Ng4 17. Nf3 Qc7 18. Rxe7 Rae8 19. Ree1 Rxe1+ 20. Rxe1 Ne5 21. Nxe5 Bxe5 22. h3 Re8 23. Qc1 Bh2+ 24. Kh1 Rxe1+ 25. Qxe1 Be5 26. Ne4 Bd4 27. Bg5 Kg7 28. Qc1 f5 29. Bf4 Qd8 30. Ng5 Qe7 31. Qxa3 a5 32. Nf3 Bf6 33. Qc1 Nd6 34. Bg5 Ne4 35. Bxf6+ Qxf6 36. Qf4 a4 37. Kg1 axb3 38. axb3 Be8 39. Qc7+ Kg8 40. Qb8 Kf8 41. b4 Qb2 42. b5 Qc1+ 43. Kh2 Qxc4 44. b6 Qxd5 45. b7 Nd6 46. Qd8 Qxb7 47. Qxd6+ Qe7 48. Qb6 c4 49. Kg1 Kg8 50. Qb8 Qe6 51. Kh2 Kg7 52. Ne5 Bf7 53. f4 h6 54. Qb2 Qf6 55. Qb4 Qe6 56. Qb2 Qf6 1/2-1/2